[Event "BL2-Sued 1819"]
[Site "Germany"]
[Date "2019.03.22"]
[Round "4.8"]
[White "Gross, Willi"]
[Black "Hofer, Emilian"]
[Result "1/2-1/2"]
[WhiteElo "2122"]
[BlackElo "2202"]
[PlyCount "98"]
[EventDate "2018.11.10"]
[EventType "team-tourn"]
[EventRounds "10"]
[EventCountry "GER"]
[SourceTitle "CBM 190 Extra"]
[Source "ChessBase"]
[SourceDate "2019.07.15"]
[SourceVersion "1"]
[SourceVersionDate "2019.07.15"]
[SourceQuality "1"]
[WhiteTeam "Bad Mergentheim"]
[BlackTeam "Jedesheim"]
[WhiteTeamCountry "GER"]
[BlackTeamCountry "GER"]

1. d4 d5 2. Bf4 Nf6 3. e3 c5 4. c3 Nc6 5. Nd2 cxd4 6. exd4 Bf5 7. Ngf3 a6 8. Ne5 h6 9. Bd3 Bxd3 10. Nxd3 e6 11. Nf3 Be7 12. Nfe5 Rc8 13. 0-0 0-0 14. Re1 Nxe5 15. Nxe5 b5 16. a3 Ne4 17. Qh5 Bg5 18. Bxg5 Qxg5 19. Qxg5 hxg5 20. Nd3 Rfe8 21. f3 Nd2 22. Re2 Nc4 23. a4 f6 24. axb5 axb5 25. Ra6 e5 26. dxe5 Nxe5 27. Nxe5 Rxe5 28. Rxe5 fxe5 29. Re6 g4 30. Rxe5 gxf3 31. gxf3 b4 32. Re3 bxc3 33. bxc3 Kf7 34. Kf2 Kf6 35. f4 Rc4 36. Kf3 d4 37. cxd4 Rxd4 38. Ra3 Rd6 39. Kg4 g6 40. h4 Rb6 41. Ra5 Rc6 42. Ra1 Rc5 43. Ra6+ Kg7 44. Re6 Rc1 45. Ra6 Rg1+ 46. Kf3 Rh1 47. Kg4 Rg1+ 48. Kf3 Rh1 49. Kg4 Rg1+ 1/2-1/2

[Event "AUT-chT2W 1819"]
[Site "Austria"]
[Date "2019.02.09"]
[Round "7.5"]
[White "Hofer, Emilian"]
[Black "De Francesco, Klaus"]
[Result "0-1"]
[WhiteElo "2208"]
[BlackElo "2288"]
[PlyCount "112"]
[EventDate "2018.10.12"]
[EventType "team-tourn"]
[EventRounds "11"]
[EventCountry "AUT"]
[SourceTitle "CBM 189 Extra"]
[Source "ChessBase"]
[SourceDate "2019.06.03"]
[SourceVersion "1"]
[SourceVersionDate "2019.06.03"]
[SourceQuality "1"]
[WhiteTeam "Hohenems II"]
[BlackTeam "Absam"]
[WhiteTeamCountry "AUT"]
[BlackTeamCountry "AUT"]

1. e4 e6 2. d4 d5 3. Nd2 Nf6 4. e5 Nfd7 5. c3 c5 6. Bd3 b6 7. Ne2 Ba6 8. Bc2 Nc6 9. Nf3 Rc8 10. 0-0 cxd4 11. cxd4 Nb4 12. Bb3 Nd3 13. Bc2 Nxc1 14. Rxc1 Be7 15. Bd3 Rxc1 16. Nxc1 Qc8 17. Qe2 Bxd3 18. Qxd3 0-0 19. Ne2 Qb7 20. Rc1 Rc8 21. Rc2 Nb8 22. Rxc8+ Qxc8 23. Qc3 Qxc3 24. Nxc3 Nc6 25. Kf1 f6 26. Ke2 fxe5 27. dxe5 h6 28. Nd1 Bd8 29. Ke3 b5 30. h4 Bb6+ 31. Kf4 Nb4 32. Ne1 Nxa2 33. Nd3 a5 34. Ne3 Kf7 35. Nc2 b4 36. Kf3 b3 37. Na3 Bd8 38. g3 Be7 39. Nb5 Nb4 40. Ke2 Nc2 41. h5 a4 42. Kd2 g6 43. g4 gxh5 44. gxh5 Ke8 45. f4 Kd7 46. Nc3 a3 47. bxa3 Nxa3 48. Na4 Kc6 49. Kc3 Nb5+ 50. Kxb3 Nd4+ 51. Kb2 Ne2 52. Nc3 Ng3 53. Kc2 Nxh5 54. Ne2 Bc5 55. Nxc5 Kxc5 56. Kd3 Ng3 0-1

[Event "AUT-chT2W 1819"]
[Site "Austria"]
[Date "2018.12.08"]
[Round "4.3"]
[White "Hofer, Emilian"]
[Black "Moroder, Stefan"]
[Result "0-1"]
[WhiteElo "2208"]
[BlackElo "2158"]
[PlyCount "62"]
[EventDate "2018.10.12"]
[EventType "team-tourn"]
[EventRounds "11"]
[EventCountry "AUT"]
[SourceTitle "CBM 189 Extra"]
[Source "ChessBase"]
[SourceDate "2019.06.03"]
[SourceVersion "1"]
[SourceVersionDate "2019.06.03"]
[SourceQuality "1"]
[WhiteTeam "Hohenems II"]
[BlackTeam "Rochade Rum"]
[WhiteTeamCountry "AUT"]
[BlackTeamCountry "AUT"]

1. e4 c5 2. Nf3 d6 3. d4 cxd4 4. Nxd4 Nf6 5. Nc3 a6 6. Be2 e6 7. 0-0 Be7 8. f4 Qc7 9. Bf3 0-0 10. Kh1 Nc6 11. a4 Re8 12. Nb3 b6 13. e5 dxe5 14. fxe5 Nd7 15. Bf4 Bb7 16. Qe1 Rad8 17. Qg3 Nf8 18. Rae1 Ng6 19. Bh5 Bh4 20. Qh3 Bxe1 21. Bxg6 fxg6 22. Rxe1 Nd4 23. Nxd4 Rxd4 24. Be3 Rd7 25. Bg5 Rf7 26. Qe3 Ref8 27. h3 Rf1+ 28. Rxf1 Rxf1+ 29. Kh2 Rf5 30. Bf4 Qc6 31. Qd2 Rxf4 0-1

[Event "AUT-chT2W 1819"]
[Site "Austria"]
[Date "2018.10.13"]
[Round "2.4"]
[White "Hofer, Emilian"]
[Black "Moritz, Christian"]
[Result "1-0"]
[WhiteElo "2208"]
[BlackElo "2100"]
[PlyCount "81"]
[EventDate "2018.10.12"]
[EventType "team-tourn"]
[EventRounds "11"]
[EventCountry "AUT"]
[SourceTitle "CBM 186 Extra"]
[Source "ChessBase"]
[SourceDate "2018.08.24"]
[SourceVersion "1"]
[SourceVersionDate "2018.08.24"]
[SourceQuality "1"]
[WhiteTeam "Hohenems II"]
[BlackTeam "Oberland"]
[WhiteTeamCountry "AUT"]
[BlackTeamCountry "AUT"]

1. e4 e6 2. d4 d5 3. Nd2 Nf6 4. e5 Nfd7 5. c3 c5 6. Bd3 Nc6 7. Ne2 cxd4 8. cxd4 f6 9. exf6 Nxf6 10. Nf3 Bd6 11. 0-0 Qc7 12. Bg5 0-0 13. Bh4 Nh5 14. Nc3 a6 15. Rc1 g6 16. Na4 Qg7 17. Nb6 Rb8 18. Bxa6 Nb4 19. Bb5 Nxa2 20. Rxc8 Rbxc8 21. Nxc8 Rxc8 22. Qa4 Nc1 23. Bd7 Ne2+ 24. Kh1 Rf8 25. Bxe6+ Kh8 26. Bxd5 h6 27. Qc4 Nef4 28. Bg3 g5 29. Re1 Rd8 30. Qb5 Nf6 31. Bb3 Qc7 32. Bxf4 Bxf4 33. Qf5 Qg7 34. Ne5 Bxe5 35. dxe5 Nh5 36. g3 Rf8 37. Qc2 b5 38. Kg1 Nf4 39. gxf4 gxf4+ 40. Kh1 Qg4 41. Qe4 1-0

[Event "Innsbruck op-A 2nd"]
[Site "Innsbruck"]
[Date "2018.08.27"]
[Round "4"]
[White "Lochte, Thomas"]
[Black "Hofer, Emilian"]
[Result "1/2-1/2"]
[WhiteElo "2083"]
[BlackElo "2208"]
[PlyCount "25"]
[EventDate "2018.08.24"]
[EventType "swiss"]
[EventRounds "9"]
[EventCountry "AUT"]
[SourceTitle "CBM 186 Extra"]
[Source "ChessBase"]
[SourceDate "2018.08.24"]
[SourceVersion "1"]
[SourceVersionDate "2018.08.24"]
[SourceQuality "1"]

1. e4 e5 2. Nf3 Nc6 3. d4 exd4 4. Bc4 Nf6 5. 0-0 Nxe4 6. Re1 d5 7. Bxd5 Qxd5 8. Nc3 Qh5 9. Nxe4 Be6 10. Bg5 Bd6 11. Nxd6+ cxd6 12. Bf4 Qd5 13. c3 1/2-1/2

[Event "Innsbruck op-A 2nd"]
[Site "Innsbruck"]
[Date "2018.08.26"]
[Round "2"]
[White "Kraemer, Max"]
[Black "Hofer, Emilian"]
[Result "0-1"]
[WhiteElo "2046"]
[BlackElo "2208"]
[PlyCount "108"]
[EventDate "2018.08.24"]
[EventType "swiss"]
[EventRounds "9"]
[EventCountry "AUT"]
[SourceTitle "CBM 186 Extra"]
[Source "ChessBase"]
[SourceDate "2018.08.24"]
[SourceVersion "1"]
[SourceVersionDate "2018.08.24"]
[SourceQuality "1"]

1. d4 d5 2. Bf4 Nf6 3. e3 c5 4. c3 Nc6 5. Bd3 Qb6 6. Qc1 Bg4 7. h3 Bh5 8. Nd2 Rc8 9. Qb1 Bg6 10. Bxg6 hxg6 11. Ngf3 e6 12. 0-0 Be7 13. Ne5 Nxe5 14. Bxe5 cxd4 15. exd4 Bd6 16. Re1 0-0 17. Qc2 Bxe5 18. dxe5 Nd7 19. Nb3 Nb8 20. Rad1 Nc6 21. Qe2 Rfd8 22. Nd4 a6 23. Rd3 Qa7 24. h4 Nxd4 25. Rxd4 b5 26. h5 Rc4 27. hxg6 fxg6 28. Qg4 Qf7 29. Re3 Qf5 30. Qh4 g5 31. Qh3 g4 32. Qh4 Rf8 33. Qg3 Kf7 34. Red3 Ke7 35. Qh4+ g5 36. Qg3 Rfc8 37. Qe3 Kf7 38. b3 R4c7 39. f4 Kg6 40. g3 Rh7 41. Rd1 Rch8 42. Qd3 Rh1+ 43. Kf2 R8h2+ 44. Ke3 Qxd3+ 45. R4xd3 Rxd1 46. Rxd1 Rg2 47. fxg5 Kxg5 48. Kd4 Rxg3 49. a4 Rf3 50. axb5 axb5 51. Ra1 g3 52. Ra8 Kg4 53. Rg8+ Kh3 54. Rh8+ Kg2 0-1

[Event "AUT-chT2W 1718"]
[Site "Austria"]
[Date "2018.03.10"]
[Round "10.6"]
[White "Hofer, Emilian"]
[Black "Atzl, Florian"]
[Result "1-0"]
[WhiteElo "2136"]
[BlackElo "2107"]
[PlyCount "37"]
[EventDate "2017.10.13"]
[EventType "team-tourn"]
[EventRounds "11"]
[EventCountry "AUT"]
[SourceTitle "EXT 2019"]
[Source "ChessBase"]
[SourceDate "2018.10.10"]
[SourceVersion "1"]
[SourceVersionDate "2018.10.10"]
[SourceQuality "1"]
[WhiteTeam "Hohenems II"]
[BlackTeam "Kufstein/Woergl"]
[WhiteTeamCountry "AUT"]
[BlackTeamCountry "AUT"]

1. e4 e5 2. Nf3 Nc6 3. Bb5 Nge7 4. 0-0 g6 5. c3 Bg7 6. d4 exd4 7. cxd4 0-0 8. d5 Nb8 9. d6 Nec6 10. Nc3 a6 11. dxc7 Qxc7 12. Nd5 Qd8 13. Bc4 b5 14. Bg5 Qa5 15. Bd3 d6 16. b4 Nxb4 17. Bd2 Bxa1 18. Qxa1 Qxa2 19. Ne7# 1-0

[Event "Oberliga Wuerttemberg 1617"]
[Site "Wuerttemberg"]
[Date "2016.09.25"]
[Round "1.4"]
[White "Hofer, Emilian"]
[Black "Stuermer, Robin Gabriel"]
[Result "0-1"]
[WhiteElo "2105"]
[BlackElo "2186"]
[PlyCount "52"]
[EventDate "2016.09.25"]
[EventType "team-tourn"]
[EventRounds "11"]
[EventCountry "GER"]
[SourceTitle "EXT 2019"]
[Source "ChessBase"]
[SourceDate "2018.10.10"]
[SourceVersion "1"]
[SourceVersionDate "2018.10.10"]
[SourceQuality "1"]
[WhiteTeam "Jedesheim"]
[BlackTeam "Heilbronn"]
[WhiteTeamCountry "GER"]
[BlackTeamCountry "GER"]

1. e4 Nc6 2. Nf3 Nf6 3. e5 Ng4 4. d4 d6 5. h3 Nh6 6. e6 fxe6 7. Bxh6 gxh6 8. Nh4 Qd7 9. Be2 Bg7 10. Bh5+ Kd8 11. Nf3 e5 12. d5 Nd4 13. c3 Qf5 14. cxd4 Qxh5 15. dxe5 Bxe5 16. Qb3 Rg8 17. Nbd2 Rxg2 18. 0-0-0 Bf6 19. Ne4 Bg7 20. Rhe1 Qf7 21. Re2 c6 22. Nc5 Kc7 23. dxc6 Qxb3 24. Nxb3 e5 25. cxb7 Bxb7 26. Rc2+ Kd8 0-1

[Event "Bodensee op"]
[Site "Bregenz"]
[Date "2016.05.08"]
[Round "9"]
[White "Sergeev, Vladimir"]
[Black "Hofer, Emilian"]
[Result "1-0"]
[WhiteElo "2435"]
[BlackElo "2160"]
[PlyCount "79"]
[EventDate "2016.04.30"]
[EventType "swiss"]
[EventRounds "9"]
[EventCountry "AUT"]
[SourceTitle "CBM 172 Extra"]
[Source "ChessBase"]
[SourceDate "2016.06.21"]
[SourceVersion "1"]
[SourceVersionDate "2016.06.21"]
[SourceQuality "1"]

1. e4 c6 2. d4 d5 3. exd5 cxd5 4. Bd3 Nc6 5. c3 Qc7 6. h3 e6 7. Nf3 Bd6 8. 0-0 Nge7 9. Re1 f6 10. c4 0-0 11. Nc3 a6 12. a3 Kh8 13. c5 Bf4 14. Bc2 Bxc1 15. Qd3 g6 16. Raxc1 Bd7 17. b4 Rad8 18. Qe2 Qb8 19. Rb1 Qf4 20. Rbd1 Nf5 21. Qd2 Qb8 22. Na4 e5 23. dxe5 Nxe5 24. Nd4 Nxd4 25. Qxd4 Bxh3 26. Qh4 Bf5 27. Bxf5 gxf5 28. Nb6 d4 29. Rxd4 Rxd4 30. Qxd4 Qe8 31. Re3 Qh5 32. Nd7 Ng4 33. Nxf8 Qh2+ 34. Kf1 Qh1+ 35. Ke2 Nxe3 36. Qxe3 Qxg2 37. Nd7 Qg4+ 38. Kd2 Qg6 39. Qe7 Qg5+ 40. Kc2 1-0

[Event "Bodensee op"]
[Site "Bregenz"]
[Date "2016.05.06"]
[Round "7"]
[White "Neumann, Han HWM"]
[Black "Hofer, Emilian"]
[Result "1/2-1/2"]
[WhiteElo "2056"]
[BlackElo "2160"]
[PlyCount "104"]
[EventDate "2016.04.30"]
[EventType "swiss"]
[EventRounds "9"]
[EventCountry "AUT"]
[SourceTitle "CBM 172 Extra"]
[Source "ChessBase"]
[SourceDate "2016.06.21"]
[SourceVersion "1"]
[SourceVersionDate "2016.06.21"]
[SourceQuality "1"]

1. e4 c6 2. d4 d5 3. e5 Bf5 4. Nc3 e6 5. g4 Bg6 6. Nge2 c5 7. Be3 Nc6 8. dxc5 h5 9. Nf4 Bh7 10. Bb5 hxg4 11. Qe2 Nh6 12. 0-0-0 Qa5 13. h3 gxh3 14. Rxh3 0-0-0 15. Bxc6 bxc6 16. Rd4 Rd7 17. Ra4 Qc7 18. Bd4 Nf5 19. Qd2 g5 20. Nfe2 g4 21. Rh5 Bg7 22. Qg5 Bg6 23. Rxh8+ Bxh8 24. Qxg4 Bxe5 25. Bxe5 Qxe5 26. Qf4 Qxf4+ 27. Nxf4 Bh7 28. Nh5 Re7 29. Nf6 Bg6 30. Ng8 Rc7 31. Nf6 e5 32. Kd2 Rb7 33. Nd1 Rc7 34. c3 Kb7 35. Ne3 Nxe3 36. Kxe3 Re7 37. Rb4+ Kc8 38. Rh4 Re6 39. Rh8+ Kb7 40. Ne8 f5 41. Nd6+ Kc7 42. Ra8 f4+ 43. Kd2 e4 44. Rxa7+ Kb8 45. Rb7+ Ka8 46. Rb6 e3+ 47. fxe3 fxe3+ 48. Ke1 Bd3 49. Rxc6 Rg6 50. Rc8+ Ka7 51. Rc7+ Kb8 52. Rc8+ Ka7 1/2-1/2

[Event "Bodensee-Cup"]
[Site "Bregenz"]
[Date "2016.04.23"]
[Round "2.7"]
[White "Knoedler, Dieter"]
[Black "Hofer, Emilian"]
[Result "1-0"]
[WhiteElo "2321"]
[BlackElo "2160"]
[PlyCount "113"]
[EventDate "2016.04.22"]
[EventType "team-tourn"]
[EventRounds "3"]
[EventCountry "AUT"]
[SourceTitle "EXT 2018"]
[Source "ChessBase"]
[SourceDate "2017.10.13"]
[SourceVersion "1"]
[SourceVersionDate "2017.10.13"]
[SourceQuality "1"]
[WhiteTeam "Wuerttemberg"]
[BlackTeam "Vorarlberg"]
[WhiteTeamCountry "GER"]
[BlackTeamCountry "AUT"]

1. c4 e5 2. g3 Nf6 3. Bg2 d5 4. cxd5 Nxd5 5. Nc3 Nb6 6. Nf3 Nc6 7. 0-0 Be7 8. a3 0-0 9. b4 Be6 10. Rb1 f6 11. d3 Nd4 12. Nd2 c6 13. Nde4 Qc7 14. e3 Nb5 15. Bb2 Nxc3 16. Bxc3 Nd5 17. Bd2 Rfd8 18. Qc2 Rd7 19. Rfc1 Rad8 20. Bf1 a6 21. Nc5 Bxc5 22. bxc5 Ne7 23. Qa4 Qc8 24. Rb2 Bf5 25. Ba5 Re8 26. Qc4+ Kh8 27. e4 Bg4 28. Rcb1 Ng6 29. Qc1 Nf8 30. Qe3 Be6 31. Bc3 Bf7 32. f4 Qb8 33. Rb6 Qa7 34. Be2 Qa8 35. R6b2 Qa7 36. Rb6 Qa8 37. Rf1 Rc7 38. Rb2 Qa7 39. Bg4 Qa8 40. Rbf2 Kg8 41. fxe5 fxe5 42. Qc1 Qa7 43. Ba5 Rce7 44. Rxf7 Rxf7 45. Qc4 b5 46. cxb6 Qb7 47. Rxf7 Qxf7 48. b7 Rb8 49. Bc8 Qxc4 50. dxc4 Kf7 51. Bc7 Nd7 52. Bd6 c5 53. h4 Kf6 54. Kg2 a5 55. a4 h6 56. Bxd7 Rxb7 57. Bb5 1-0

[Event "AUT-ch U18"]
[Site "St Veit"]
[Date "2016.03.22"]
[Round "4"]
[White "Hofer, Emilian"]
[Black "Arztmann, Nils"]
[Result "1/2-1/2"]
[WhiteElo "2209"]
[BlackElo "1974"]
[PlyCount "109"]
[EventDate "2016.03.20"]
[EventType "swiss"]
[EventRounds "7"]
[EventCountry "AUT"]
[SourceTitle "CBM 171 Extra"]
[Source "ChessBase"]
[SourceDate "2016.04.26"]
[SourceVersion "1"]
[SourceVersionDate "2016.04.26"]
[SourceQuality "1"]

1. e4 c5 2. Nf3 d6 3. d4 cxd4 4. Nxd4 Nf6 5. Nc3 g6 6. Be3 Bg7 7. f3 0-0 8. Qd2 Nc6 9. Bc4 Bd7 10. 0-0-0 Rc8 11. Bb3 Nxd4 12. Bxd4 b5 13. Nd5 Nxd5 14. Bxg7 Kxg7 15. exd5 a5 16. a3 Kg8 17. Rhe1 Rc5 18. Re3 b4 19. axb4 axb4 20. Qxb4 Qa8 21. Kd2 Rb8 22. Qf4 Qa5+ 23. Ke2 Rb4 24. Re4 Rxe4+ 25. fxe4 Bb5+ 26. Kf3 Bc4 27. Qd2 Qxd2 28. Rxd2 Bxb3 29. cxb3 Rb5 30. Rd3 Kg7 31. Ke3 Rb4 32. Kd2 Rxe4 33. Kc3 Kf8 34. b4 Ke8 35. Kb3 Kd7 36. Ka4 Kc7 37. Ka5 Kb7 38. b5 Re2 39. b3 Ra2+ 40. Kb4 Rxg2 41. Re3 Rxh2 42. Ka5 Ra2+ 43. Kb4 Kb6 44. Rxe7 Ra7 45. Re8 Ra1 46. Rc8 h5 47. Rc6+ Kb7 48. Rxd6 Rf1 49. b6 h4 50. Kb5 h3 51. Rd7+ Kb8 52. Rd8+ Kb7 53. Rd7+ Kb8 54. Rd8+ Kb7 55. Rd7+ 1/2-1/2

[Event "AUT-ch U18"]
[Site "St Veit"]
[Date "2016.03.22"]
[Round "5"]
[White "Hofer, Emilian"]
[Black "Gludovatz, Lukas"]
[Result "1-0"]
[WhiteElo "2209"]
[BlackElo "1763"]
[PlyCount "73"]
[EventDate "2016.03.20"]
[EventType "swiss"]
[EventRounds "7"]
[EventCountry "AUT"]
[SourceTitle "CBM 171 Extra"]
[Source "ChessBase"]
[SourceDate "2016.04.26"]
[SourceVersion "1"]
[SourceVersionDate "2016.04.26"]
[SourceQuality "1"]

1. e4 e6 2. d4 d5 3. Nd2 Nf6 4. e5 Nfd7 5. c3 c5 6. Bd3 Nc6 7. Ne2 cxd4 8. cxd4 f6 9. exf6 Nxf6 10. Nf3 Bd6 11. 0-0 Qc7 12. Bg5 0-0 13. Bh4 Nh5 14. Nc3 a6 15. Rc1 g6 16. Na4 Qg7 17. Nb6 Rb8 18. Bxa6 Nxd4 19. Nxd4 bxa6 20. Nxc8 Rfxc8 21. Rxc8+ Rxc8 22. Re1 Rc4 23. Nxe6 Qb7 24. Bg5 Ng7 25. b3 Rc8 26. Nxg7 Kxg7 27. Qd4+ Kg8 28. Qg4 Rf8 29. Bh6 Rf5 30. Re8+ Kf7 31. Rh8 Ke6 32. Re8+ Kf7 33. Qe2 Qd7 34. Rh8 Kf6 35. Be3 Rh5 36. Bd4+ Kf7 37. Qxh5 1-0